The Longest Kanye West Songs By Name. - Statistics

General Stats
  • This quiz has been taken 14 times
  • The average score is 8 of 21
Answer Stats
Ranking Number Of Signs Song % Correct
6 26 Diamonds From Sierra Leone
80%
3 29 Father Stretch My Hands Pt. 1
60%
5 27 I Thought About Killing You
60%
5 27 Who Will Survive In America
60%
2 34 Diamonds From Sierra Leone [Remix]
50%
10 21 No More Parties In LA
50%
3 29 All Of The Lights (Interlude)
40%
9 22 Breathe In Breathe Out
40%
6 26 Keep My Spirit Alive Pt. 2
40%
10 21 No Church In The Wild
40%
1 41 Siiiiiiiiilver surffffeeeeer Intermission
40%
3 29 Father Stretch My Hands Pt. 2
30%
7 25 Freeee (Ghost Town Pt. 2)
30%
7 25 Never Abandon Your Family
30%
10 21 Can't Tell Me Nothing
20%
4 28 Facts (Charlie Heat Version)
20%
7 25 Illest Motherf***** Alive
20%
10 21 Welcome To Heartbreak
20%
8 24 See You In My Nightmares
10%
10 21 Welcome To The Jungle
10%
7 25 First Time In A Long Time
0%
No matching quizzes found
Score Distribution
Percent of People with Each Score
Percentile by Number Answered
Your Score History
You have not taken this quiz